| 000 | 01016cam a22002771a 4500 | ||
|---|---|---|---|
| 001 | agr49000685 | ||
| 003 | DLC | ||
| 005 | 20260227111012.0 | ||
| 008 | 790914s1949 dcuab f000 0 eng c | ||
| 010 | _aagr49000685 | ||
| 035 | _a(OCoLC)5376450 | ||
| 040 |
_aU. S. Dept. of Agr. Libr. _cWU _dWU _dDNAL _dDLC |
||
| 050 | 0 | 0 |
_aS21 _b.A46 no. 705 |
| 070 | 0 |
_a1 _bAg84M no.705 |
|
| 072 | 0 | _aE300 | |
| 082 | _a338.1 | ||
| 100 | 1 |
_aHainsworth, Reginald G. _q(Reginald George), _d1893- |
|
| 245 | 1 | 2 |
_aA graphic summary of world agriculture / _cby Reginald G. Hainsworth. |
| 260 |
_aWashington, D.C. : _bU.S. Dept. of Agriculture, Office of Foreign Agricultural Relations, _c1949. |
||
| 300 |
_a51 p. : _bill., maps ; _c26 cm. |
||
| 490 | 1 |
_aMiscellaneous publication / United States Department of Agriculture ; _vno. 705 |
|
| 500 | _aCover title. | ||
| 650 | 0 | _aFood supply. | |
| 650 | 0 |
_aAgriculture _xEconomic aspects. |
|
| 830 | 0 |
_aMiscellaneous publication (United States. Department of Agriculture) ; _vno. 705. |
|
| 999 |
_c11078 _d11078 |
||